Residential and regeneration (Record no. 76356)
[ view plain ]
| 000 -LEADER | |
|---|---|
| fixed length control field | 00681cab a2200205 4500 |
| 001 - CONTROL NUMBER | |
| control field | ##L132184 |
| 008 - FIXED-LENGTH DATA ELEMENTS--GENERAL INFORMATION | |
| fixed length control field | 060117n2006 000 0 eng u |
| 035 ## - SYSTEM CONTROL NUMBER | |
| System control number | (Sirsi) u132184 |
| 041 0# - LANGUAGE CODE | |
| Language code of text/sound track or separate title | eng |
| 100 1# - MAIN ENTRY--PERSONAL NAME | |
| Personal name | Roberts, Gwyn |
| 245 00 - TITLE STATEMENT | |
| Title | Residential and regeneration |
| 260 ## - PUBLICATION, DISTRIBUTION, ETC. | |
| Date of publication, distribution, etc. | 2006 |
| 490 ## - SERIES STATEMENT | |
| Series statement | Property Week |
| Volume/sequential designation | 71(1) 6 January 2006, 37-45(7) |
| 520 ## - SUMMARY, ETC. | |
| Summary, etc. | Looks at development at Thamesmead and in Lancashire as well as reviewing the "RICS Housing Market Survey Great Britain : November 2005" (L132022). |
| 590 ## - LOCAL NOTE (RLIN) | |
| Local note | IKA170106 |
| 650 ## - SUBJECT ADDED ENTRY--TOPICAL TERM | |
| Topical term or geographic name entry element | THAMESMEAD |
| 651 ## - SUBJECT ADDED ENTRY--GEOGRAPHIC NAME | |
| Geographic name | Lancashire |
| 690 ## - LOCAL SUBJECT ADDED ENTRY--TOPICAL TERM (OCLC, RLIN) | |
| Topical term or geographic name as entry element | PROPERTY-RESIDENTIAL PROPERTY-RESIDENTIAL PROPERTY DEVELOPMENT |
| 942 ## - ADDED ENTRY ELEMENTS (KOHA) | |
| Suppress in OPAC | 0 |
| Withdrawn status | Lost status | Source of classification or shelving scheme | Damaged status | Not for loan | Home library | Current library | Shelving location | Date acquired | Total Checkouts | Full call number | Barcode | Date last seen | Copy number | Price effective from | Koha item type |
|---|---|---|---|---|---|---|---|---|---|---|---|---|---|---|---|
| Dewey Decimal Classification | London | London | Journal article | 17/01/2006 | L132184 | 132184-1001 | 06/08/2019 | 1 | 06/08/2019 | Journal article |